| 000 | 00505nam a2200169Ia 4500 | ||
|---|---|---|---|
| 008 | 210210b2000 xxu||||| |||| 00| 0 eng d | ||
| 020 | _a81 7371 255 7 | ||
| 082 | _a608 ERBI | ||
| 100 | _aERBISCH (F H) | ||
| 245 | _aIntellectual property rights in agricultural biotechnology. | ||
| 260 |
_aHyderabad _bUniversities Press _c2000 |
||
| 300 | _axvi,224 | ||
| 650 | _aInternational property rights Agriculture Biotechnology | ||
| 690 | _aAgriculture | ||
| 700 | _aMAREDIA (K M), Ed. | ||
| 906 | _aSG03741 | ||
| 999 |
_c114465 _d114465 |
||